The American pageant : (Record no. 402)

000 -LEADER
fixed length control field 01244cam a2200361 a 4500
003 - CONTROL NUMBER IDENTIFIER
control field CaAEU
005 - DATE AND TIME OF LATEST TRANSACTION
control field 20210614071107.0
008 - FIXED-LENGTH DATA ELEMENTS--GENERAL INFORMATION
fixed length control field 010306s2002 mauab b 001 0 eng
020 ## - INTERNATIONAL STANDARD BOOK NUMBER
International Standard Book Number 9780618479283
040 ## - CATALOGING SOURCE
Transcribing agency DLC
043 ## - GEOGRAPHIC AREA CODE
Geographic area code n-us---
050 00 - LIBRARY OF CONGRESS CALL NUMBER
Classification number E178.1
Item number .B15 2006
090 ## - LOCALLY ASSIGNED LC-TYPE CALL NUMBER (OCLC); LOCAL CALL NUMBER (RLIN)
Classification number (OCLC) (R) ; Classification number, CALL (RLIN) (NR) E 178.1 B15 2002
Local cutter number (OCLC) ; Book number/undivided call number, CALL (RLIN) ARDC
100 1# - MAIN ENTRY--PERSONAL NAME
Personal name Kennedy, David M.
245 14 - TITLE STATEMENT
Title The American pageant :
Remainder of title a history of the Republic /
Statement of responsibility, etc. David M. Kennedy, Lizabeth Cohen, Thomas A. Bailey.
250 ## - EDITION STATEMENT
Edition statement 13th ed.
260 ## - PUBLICATION, DISTRIBUTION, ETC.
Place of publication, distribution, etc. Boston :
Name of publisher, distributor, etc. Houghton Mifflin Company,
Date of publication, distribution, etc. c2006.
300 ## - PHYSICAL DESCRIPTION
Extent 1 online resource (2 volumes
Other physical details : illustrations (some color), color maps)
Dimensions 26 cm.
336 ## - CONTENT TYPE
Content type term text
Content type code txt
Source rdacontent
337 ## - MEDIA TYPE
Media type term unmediated
Media type code n
Source rdamedia
338 ## - CARRIER TYPE
Carrier type term volume
Carrier type code nc
Source rdacarrier
500 ## - GENERAL NOTE
General note Rev. ed. of: The American pageant / Thomas A. Bailey, David M. Kennedy, Lizabeth Cohen. 12th ed. 2002.
504 ## - BIBLIOGRAPHY, ETC. NOTE
Bibliography, etc. note Includes bibliographical references and index.
650 ## - SUBJECT ADDED ENTRY--TOPICAL TERM
Form subdivision United States -- History.
700 1# - ADDED ENTRY--PERSONAL NAME
Personal name Cohen, Lizabeth.
700 1# - ADDED ENTRY--PERSONAL NAME
Personal name Bailey, Thomas Andrew,
Dates associated with a name 1902-1983.
942 ## - ADDED ENTRY ELEMENTS (KOHA)
Source of classification or shelving scheme
Koha item type Book
Suppress in OPAC MW
Holdings
Withdrawn status Lost status Source of classification or shelving scheme Damaged status Not for loan Permanent Location Current Location Date acquired Total Checkouts Full call number Barcode Date last seen Price effective from Koha item type Public note
          AU LIBRARY AU LIBRARY 14.06.2021   E178.1 .B15 2006 28002771 14.06.2021 14.06.2021 Book MW

Powered by Koha